| 000 | 00555nam a2200181Ia 4500 | ||
|---|---|---|---|
| 003 | GCL | ||
| 008 | 140319s9999 xx 000 0 ara d | ||
| 040 |
_aGCL / _cGCL |
||
| 082 | 0 | 4 |
_a240 _bع ف |
| 100 | 1 | _aعبدالرحمن بن حسن ال الشيخ | |
| 245 | 1 | 0 |
_aفتح المجيد ( شرح كتاب التوحيد ) / _cعبدالرحمن بن حسن ال الشيخ |
| 260 |
_a[S.N] : _bالمكتبة التوفيقية |
||
| 300 | _a476 ص | ||
| 490 | _a | ||
| 650 | 0 | 4 | _aالاسلام |
| 650 | 0 | 4 | _aفقه اسلامى |
| 942 |
_2ddc _cBK |
||
| 999 |
_c55178 _d55178 |
||